| 000 | 00578nam a2200205 i 4500 | ||
|---|---|---|---|
| 001 | 189068 | ||
| 003 | ES-MaACL | ||
| 005 | 20240103185229.0 | ||
| 008 | 190326s2017 sp |||| | spa d | ||
| 020 | _a978-84-617-8006-8 | ||
| 080 | _a821.134.2-31"19" | ||
| 100 | 1 |
_aYoldi, José ( _d1954-) _9156438 |
|
| 245 | 1 | 3 |
_aLa noche perdida / _cJosé Yoldi. |
| 250 | _a1ª ed. | ||
| 260 |
_aMadrid : _bMong, _c2017. |
||
| 300 |
_a365 p. ; _c21 cm. |
||
| 852 |
_aES-MaACL _jA-14451 _9196205 _bR.151726 _cDEPO1 _dOlim: N-7451 |
||
| 942 |
_2udc _cMONOGRAFIA |
||
| 999 |
_c189068 _d189068 |
||